[Event "Bad Woerishofen op"]
[Site "Bad Woerishofen"]
[Date "2001.??.??"]
[Round "3"]
[White "Graf, Christian"]
[Black "Valent, Peter"]
[Result "1-0"]
[WhiteElo "2291"]
[BlackElo "2074"]
[Annotator "ChessOrg"]
[PlyCount "97"]
[EventDate "1998.03.05"]
[Source "ChessBase"]
[SourceDate "1998.04.29"]

1. e4 {B52: Sizilianisch (Rossolimo-Variante)} 1... c5 2. Nf3 d6 3. Bb5+ Bd7 4.
Bxd7+ Nxd7 5. O-O Ngf6 6. Qe2 6... Qc7 {letzter Buchzug} 7. c3 c4 8. Na3 Rc8 9.
b3 cxb3 10. axb3 a6 11. b4 e6 12. Ra2 (12. c4 12... Be7 $11) 12... Nb6 (12...
d5 13. d3 $15) 13. Bb2 Nc4 (13... d5 14. e5 Nfd7 15. Rfa1 $11) 14. Nxc4 $14
14... Qxc4 15. Qxc4 Rxc4 16. d3 Rc8 17. c4 Nd7 18. Rfa1 e5 19. b5 Nc5 20. bxa6
bxa6 21. Ne1 Be7 22. Ba3 Kd7 (22... Ne6 23. Bb4 d5 24. Bxe7 Kxe7 25. exd5 $16 (
25. Rxa6 $6 25... dxc4 26. dxc4 26... Rxc4 $11) (25. cxd5 $6 25... Nc5 $16))
23. Bxc5 $16 23... Rxc5 24. Rxa6 Rhc8 25. Nc2 R5c7 26. Nb4 Rb7 27. Nd5 Bd8 28.
g3 Rcb8 29. Ra7 Kc6 30. Nc3 Bb6 31. Rxb7 Rxb7 32. Nb5 Bc5 33. Ra8 g6 34. Kg2 f5
35. exf5 gxf5 (35... Rf7 36. Ra6+ Kd7 37. Nc3 $16) 36. Rf8 $18 36... e4 37.
Rxf5 (37. d4 $142 37... Bb4 38. d5+ Kb6 39. Rd8 $18 (39. Rxf5 39... Kc5 $15))
37... exd3 $11 38. Rf3 (38. Nc3 Bd4 39. Nd1 39... Rb4 $14) 38... d2 (38... d5
$5 39. Rf6+ Kd7 40. Rf7+ 40... Be7 $15) 39. Rd3 $14 39... Bb4 40. Nd4+ Kc5 41.
Nc2 Kxc4 42. Nxb4 Rxb4 43. Rxd2 d5 44. Rc2+ Kd3 45. Rc7 Re4 (45... h6 $18 $142)
46. Rxh7 Ke2 (46... Re8 $18) 47. Rd7 Re5 48. f4 Rf5 49. Re7+ (49. Re7+ Kd3 50.
Re5 $18) 1-0

[Event "Bad Woerishofen op"]
[Site "Bad Woerishofen"]
[Date "2001.??.??"]
[Round "5"]
[White "Graf, Christian"]
[Black "Rau, Uwe"]
[Result "1-0"]
[WhiteElo "2291"]
[BlackElo "2164"]
[Annotator "ChessOrg"]
[PlyCount "37"]
[EventDate "1998.03.05"]
[Source "ChessBase"]
[SourceDate "1998.04.29"]

1. e4 {B51: Sizilianisch (Rossolimo-Variante)} 1... c5 2. Nf3 d6 3. Bb5+ Nd7 4.
d4 cxd4 5. Qxd4 5... e6 {letzter Buchzug} 6. Bg5 Qc7 7. Nc3 a6 8. Bxd7+ Bxd7 9.
O-O-O f6 10. Be3 O-O-O (10... Rc8 $5 $14) 11. Na4 Bxa4 12. Qxa4 Ne7 (12... d5
$5 $16 $142) 13. Nd4 $18 13... Qd7 14. Qc4+ Kb8 15. Qxe6 Nc6 16. Qxd7 Rxd7 17.
Nxc6+ (17. Ne6 17... Kc8 $18) 17... bxc6 18. Rd3 c5 (18... g6 $18 $142) 19.
Bxc5 $3 (19. Bxc5 Rc7 20. Be3 $18) 1-0

[Event "Bad Woerishofen op"]
[Site "Bad Woerishofen"]
[Date "2001.??.??"]
[Round "7"]
[White "Graf, Christian"]
[Black "Seifert, Volker"]
[Result "1/2-1/2"]
[WhiteElo "2291"]
[BlackElo "2175"]
[Annotator "ChessOrg"]
[PlyCount "67"]
[EventDate "1998.03.05"]
[Source "ChessBase"]
[SourceDate "1998.04.29"]

1. e4 {C06: Franzoesische Verteidigung (Tarrasch-Variante)} 1... e6 2. d4 d5 3.
Nd2 Nf6 4. Bd3 c5 5. e5 Nfd7 6. c3 Nc6 7. Ne2 cxd4 8. cxd4 f6 9. exf6 Qxf6 10.
O-O Bd6 11. Nf3 h6 12. Ng3 O-O 13. Bb1 Rd8 14. Qd3 {letzter Buchzug} 14... Nf8
15. Bd2 (15. Re1 15... Bd7 $14) 15... Bd7 (15... e5 16. dxe5 Nxe5 17. Nxe5 (17.
Qxd5+ $143 17... Be6 18. Qa5 Nxf3+ 19. gxf3 19... b6 $17 (19... Qxf3 $6 20. Be4
Qf7 21. Bc3 $15) (19... Qxb2 $6 20. Bc3 Qa3 21. Ne4 $17)) 17... Bxe5 18. Bc3
$11) 16. Re1 Be8 17. Bc3 Bg6 18. Qb5 Rab8 19. Ne5 (19. Qe2 19... Rdc8 $11)
19... Bxb1 20. Raxb1 Bxe5 21. dxe5 Qf7 22. Qb3 (22. Ba5 Rdc8 23. Bc3 23... d4
$15) 22... g5 (22... Ng6 23. Rbd1 $17) 23. Bb4 Nxb4 24. Qxb4 Rbc8 25. Rbc1 Ng6
26. Rc3 Nf4 27. Qd4 Rxc3 28. bxc3 b6 29. Ne4 Qc7 30. Nf6+ Kg7 31. g3 Ng6 32.
Nh5+ Kh7 33. Nf6+ Kg7 34. Nh5+ 1/2-1/2

[Event "Bad Woerishofen op"]
[Site "Bad Woerishofen"]
[Date "2001.??.??"]
[Round "9"]
[White "Graf, Christian"]
[Black "Sailer, Wolfgang"]
[Result "1-0"]
[WhiteElo "2291"]
[BlackElo "2123"]
[Annotator "ChessOrg"]
[PlyCount "119"]
[EventDate "1998.03.05"]
[Source "ChessBase"]
[SourceDate "1998.04.29"]

1. e4 {B01: Skandinavische Verteidigung} 1... d5 2. exd5 Qxd5 3. Nc3 Qa5 4. Nf3
Nf6 5. g3 c6 6. Bg2 Bf5 7. O-O e6 8. d3 8... Nbd7 {letzter Buchzug} 9. Qe2 Be7
10. a3 O-O 11. h3 h6 12. Bd2 Qb6 13. Kh2 Bh7 (13... Qxb2 $2 14. Rfb1 Qxc2 15.
Ne1 Bxd3 16. Nxd3 $18 (16. Nxc2 $6 16... Bxe2 17. Nxe2 17... Nc5 $14)) 14. Na4
Qa6 15. Nc3 Rfd8 16. b4 Nd5 17. Rfe1 Bf6 18. Nxd5 cxd5 19. Ra2 Qa4 20. Rb1 Rac8
21. Ne1 a6 22. c4 (22. b5 $5 $15 $142) 22... Rxc4 $1 $19 23. Bf4 (23. dxc4
23... Bxb1 $19) 23... Rc3 24. Bc1 Rdc8 25. Bb2 Qb3 (25... Rc2 26. Nxc2 Qxc2 27.
Bxf6 Qxb1 28. Ba1 Qxd3 29. Qe1 $19) 26. Raa1 (26. Bxc3 Qxb1 (26... Qxc3 $4 27.
Rc2 $18) 27. Rb2 Qa1 28. Bxf6 28... Nxf6 $17) 26... Rc2 $19 27. Nxc2 Rxc2 (
27... Bxb2 $4 28. Ne1 $18) (27... Qxc2 $6 28. Qxc2 Rxc2 29. Bxf6 Nxf6 30. Rd1
$11) 28. Bxd5 $4 (28. Bxf6 $142 28... Qxb1 29. Qg4 (29. Rxb1 $2 29... Rxe2 30.
Bd4 30... Bxd3 $19) 29... Nxf6 30. Qf4 $16 (30. Rxb1 Nxg4+ 31. hxg4 31... Rxf2
$19)) 28... Qxb2 (28... Rxe2 $142 29. Bxb3 Rxf2+ (29... Bxb2 $6 30. Ra2 $11) (
29... Rxb2 $6 30. Rxb2 Bxb2 31. Ra2 $19) 30. Kh1 Rxb2 31. Rxb2 31... Bxb2 $19)
29. Rxb2 $11 29... Rxe2 30. Rxe2 Bxa1 (30... exd5 $143 31. Re8+ Nf8 32. Rc1 $14
) 31. Bxb7 Bxd3 (31... a5 $5 $142 32. bxa5 32... Bxd3 $11) 32. Rd2 $16 32...
Ne5 (32... Bb5 $5 33. a4 33... Bc3 $16) 33. f4 $18 33... Bc3 34. Rd1 Be2 35.
Rd8+ Kh7 36. fxe5 Bxe5 37. Ra8 Bd4 (37... Kg6 $18) 38. Bxa6 Bf3 39. Rd8 e5 (
39... Bf2 40. Rd3 Bd5 41. Rd2 $18) 40. Bf1 (40. Bd3+ g6 41. Rd7 41... Kg8 $18)
40... f5 41. Bg2 Be2 42. Bc6 Be3 43. Re8 Bd4 44. b5 Bh5 45. Re7 f4 46. Be4+ Kg8
47. g4 Bf7 48. Rd7 Bc4 49. Rxd4 (49. Rb7 $18 $142) 49... exd4 50. b6 Ba6 51.
Kg1 Kf7 52. Kf2 Ke6 53. b7 Bxb7 54. Bxb7 Kd6 55. Ke2 Kc5 56. Kd3 g5 57. Bf3 Kb5
58. Kxd4 Ka4 59. Ke5 Kxa3 60. Kf6 (60. Kf6 Kb4 61. Kg6 $18) 1-0

[Event "Bad Woerishofen op"]
[Site "Bad Woerishofen"]
[Date "2001.??.??"]
[Round "2"]
[White "Grathwohl, Roland"]
[Black "Muehlbach, Peter"]
[Result "1/2-1/2"]
[WhiteElo "2283"]
[BlackElo "2131"]
[Annotator "ChessOrg"]
[PlyCount "32"]
[EventDate "1998.03.05"]
[Source "ChessBase"]
[SourceDate "1998.04.29"]

1. Nf3 {A06: Zukertort-Eroeffnung} 1... d5 2. b3 c5 3. e3 a6 4. Bb2 Nc6 5. d4
5... e6 {letzter Buchzug} 6. Nbd2 Nf6 7. a3 Be7 8. Bd3 O-O 9. O-O Nd7 10. c4
Bf6 11. Qc2 g6 12. cxd5 exd5 13. Rfe1 Re8 14. Rac1 cxd4 15. exd4 Rxe1+ 16. Rxe1
Nf8 1/2-1/2

[Event "Bad Woerishofen op"]
[Site "Bad Woerishofen"]
[Date "2001.??.??"]
[Round "4"]
[White "Grathwohl, Roland"]
[Black "Schmidt, Ruediger"]
[Result "1-0"]
[WhiteElo "2283"]
[BlackElo "2151"]
[Annotator "ChessOrg"]
[PlyCount "120"]
[EventDate "1998.03.05"]
[Source "ChessBase"]
[SourceDate "1998.04.29"]

1. Nf3 {D11: Damengambit (Slawische Verteidigung)} 1... d5 2. d4 c6 3. c4 Nf6
4. Qc2 g6 5. Bf4 Bf5 6. Qb3 Qb6 7. c5 Qxb3 8. axb3 Bxb1 9. Rxb1 9... Nh5 {
letzter Buchzug} 10. Bd2 f5 11. h3 Nd7 12. b4 a6 13. g4 Nhf6 14. gxf5 gxf5 15.
Rg1 e6 (15... Rg8 16. Rxg8 Nxg8 17. h4 $11) 16. Bf4 h6 17. e3 Rg8 18. Rxg8 Nxg8
19. Ra1 Rc8 20. Nd2 Bg7 21. Bd3 Ne7 22. Bd6 Nf6 23. Nb3 Rd8 24. Na5 Rd7 25. Ke2
Ne4 26. Bb8 Ng5 27. Rg1 Kf8 28. h4 Nf7 29. f4 Bf6 30. h5 Nd8 31. Bd6 Kf7 32.
Nb3 Bg7 33. Be5 Bf8 34. Nd2 Ng8 35. Rg6 Ne7 36. Rg2 Ng8 37. Nf3 Be7 (37... Nf6
38. Bxf6 Kxf6 39. Rg6+ 39... Ke7 $18) 38. Rg7+ Kf8 39. Rg6 Kf7 40. Bg7 Rc7 41.
Bxh6 Nxh6 42. Ne5+ Kf8 43. Rxh6 Kg7 44. Rg6+ Kh7 (44... Kh8 45. Bc2 $16) 45.
Kd2 (45. Nf3 $5 45... Kh8 $18) 45... Bf8 $16 46. Nf3 46... Bh6 $2 (46... Rg7
47. Rxg7+ Bxg7 48. Be2 $16) 47. Kc2 (47. Ng5+ $5 47... Bxg5 48. fxg5 48... Kh8
$18) 47... Rg7 $16 48. Ne5 (48. Ng5+ Bxg5 49. Rxg7+ Kxg7 50. fxg5 50... Nf7 $18
) 48... Rxg6 49. hxg6+ Kg8 50. Kb3 Bg7 51. Ka4 51... Bf6 $2 (51... Bxe5 $5 $142
52. fxe5 52... Kg7 $14) 52. Ka5 $18 52... Bh4 53. Kb6 Bf2 (53... Kg7 $18) 54.
Kc7 54... Bxe3 $2 (54... Bh4 $18) 55. Nf3 (55. Kxd8 Bxd4 56. Kc8 Be3 57. Kxb7
Kg7 58. Nxc6 58... Bxf4 $18) 55... Bxf4+ (55... e5 56. dxe5 (56. Kxd8 $6 56...
e4 $16) 56... Ne6+ 57. Kxb7 $18) 56. Kxd8 Kg7 57. Kc8 Kxg6 58. Kxb7 Kh5 59.
Kxc6 Kg4 60. Be2 (60. Ne5+ $142 60... Kg3 61. Kd7 61... Be3 $18) 60... Bc1 (
60... Kg3 61. Ne1 $18) 1-0

[Event "Bad Woerishofen op"]
[Site "Bad Woerishofen"]
[Date "2001.??.??"]
[Round "6"]
[White "Grathwohl, Roland"]
[Black "Kugelmann, Werner"]
[Result "1-0"]
[WhiteElo "2283"]
[BlackElo "2159"]
[Annotator "ChessOrg"]
[PlyCount "127"]
[EventDate "1998.03.05"]
[Source "ChessBase"]
[SourceDate "1998.04.29"]

1. Nf3 {E61: Koenigsindisch (Abweichungen der Hauptvariante)} 1... Nf6 2. c4 g6
3. Nc3 Bg7 4. d4 d6 5. Bg5 h6 6. Bh4 O-O 7. e3 Na6 8. Be2 c5 9. O-O 9... Bd7 {
letzter Buchzug} 10. a3 Re8 11. Rb1 Bf5 12. Bd3 Bxd3 13. Qxd3 Nc7 14. Bxf6 Bxf6
15. Ne4 Bg7 16. dxc5 f5 17. Nc3 dxc5 18. Qc2 e6 19. Rfd1 Qe7 20. Qa4 Red8 21.
Rxd8+ Qxd8 22. Rd1 Qe8 23. Qd7 Rc8 24. Nh4 Qxd7 25. Rxd7 Kh7 26. f4 g5 27. Nf3
Kg6 28. Kf2 a6 29. a4 b5 (29... a5 30. h4 g4 31. Ne5+ Kh7 32. Nb5 Nxb5 33. cxb5
$18) 30. h4 (30. cxb5 axb5 31. a5 31... b4 $14) 30... Bf6 (30... Bxc3 31. bxc3
gxf4 (31... bxa4 $4 32. Ne5+ Kh5 33. hxg5 Nd5 34. Rh7 Nxf4 35. exf4 Rh8 36.
Rxh8 a3 37. Rxh6#) 32. exf4 bxc4 (32... bxa4 $2 33. h5+ Kxh5 34. Ne5 $18) 33.
Ne5+ 33... Kh5 $14) 31. hxg5 $16 31... hxg5 32. axb5 axb5 33. cxb5 (33. Nxb5 $6
33... Nxb5 34. cxb5 34... Rb8 $11) 33... gxf4 34. exf4 Bxc3 35. bxc3 (35. b6
Nd5 36. b7 Rb8 37. bxc3 37... Kh6 $18) 35... Nxb5 36. c4 Nc3 37. Ne5+ Kh6 38.
Re7 (38. g4 fxg4 39. Nxg4+ 39... Kh5 $18) 38... Ne4+ (38... Ra8 39. g4 Ne4+ 40.
Ke3 Ra3+ 41. Nd3 $16) 39. Ke3 Ra8 40. Rxe6+ Kh7 41. g4 Ra3+ 42. Nd3 Ng3 43. g5
Nf1+ 44. Ke2 Ng3+ 45. Kd2 Ne4+ 46. Ke3 Rc3 47. Re7+ Kg6 48. Re8 Nf2 49. Re6+
Kh5 50. Kxf2 Rxd3 51. Rf6 (51. Re5 Kg4 52. Rxc5 Kxf4 53. g6 $16) 51... Rd4 $2 (
51... Kg4 $14 $142) 52. Rxf5 $18 52... Rxc4 53. Rf6 Rd4 54. Kf3 Rd3+ 55. Ke4
Rd8 56. Kf5 Rd5+ 57. Ke6 Rd8 (57... Rd4 58. g6 Kh6 59. f5 $18) 58. g6 (58. Rh6+
Kg4 59. g6 59... Kxf4 $18) 58... Kh6 59. f5 c4 60. Rf7 Rc8 (60... Re8+ 61. Kf6
Rh8 62. Rc7 $18) 61. Rh7+ Kg5 62. g7 Rg8 63. Kf7 Rxg7+ 64. Kxg7 (64. Kxg7 Kxf5
65. Rh4 $18) 1-0

[Event "Bad Woerishofen op"]
[Site "Bad Woerishofen"]
[Date "2001.??.??"]
[Round "8"]
[White "Grathwohl, Roland"]
[Black "Siebrecht, Sebastian"]
[Result "1-0"]
[WhiteElo "2283"]
[BlackElo "2386"]
[Annotator "ChessOrg"]
[PlyCount "53"]
[EventDate "1998.03.05"]
[Source "ChessBase"]
[SourceDate "1998.04.29"]

1. Nf3 {A37: Englische Eroeffnung (Symmetrische Variante)} 1... c5 2. c4 Nc6 3.
Nc3 g6 4. g3 Bg7 5. Bg2 d6 6. O-O e5 7. a3 Nge7 8. d3 O-O 9. Rb1 9... h6 {
letzter Buchzug} 10. b4 f5 11. Nd2 g5 12. Nd5 Nd4 (12... cxb4 13. axb4 Nxd5 14.
Bxd5+ Kh8 15. e3 $11) 13. Bb2 Ne6 14. e3 f4 15. bxc5 dxc5 16. Qh5 g4 (16... Rb8
$5 $14 $142) 17. gxf4 $18 17... exf4 18. exf4 Nf5 19. Rfe1 Ned4 20. Bxd4 cxd4
21. Re2 Qd6 (21... Kh8 22. Qxg4 Qd6 23. Ra1 $16) 22. c5 (22. Qxg4 $143 22...
Qxa3 23. Be4 23... Qd6 $16) 22... Qxc5 23. Ne7+ $3 23... Kh7 (23... Qxe7 24.
Rxe7) 24. Ne4 (24. Nxc8 Raxc8 25. Be4 Kh8 26. Rxb7 Rf6 27. Qxg4 Rg8 28. Bxf5
28... Rxf5 $18) 24... Qc7 (24... Qxe7 25. Ng5+ Kg8 26. Bd5+ Kh8 27. Rxe7 Nxe7
28. Nf7+ Kh7 29. Bxb7 Bxb7 30. Rxb7 30... Rae8 $18) 25. Ng5+ Kh8 26. Ng6+ Kg8
27. Bd5+ (27. Bd5+ Be6 28. Bxe6+ Rf7 29. Nxf7 Qxf7 30. Bxf7+ Kxf7 31. Qxf5+ Kg8
32. Re7 Kh7 33. Nf8+ Kg8 34. Qh7+ Kxf8 35. Qxg7#) 1-0

[Event "Bad Woerishofen op"]
[Site "?"]
[Date "2001.??.??"]
[Round "1"]
[White "Grau, Helmut"]
[Black "Oud, Niek"]
[Result "1-0"]
[WhiteElo "1752"]
[BlackElo "2170"]
[Annotator "ChessOrg"]
[PlyCount "80"]
[EventDate "2000.??.??"]

1. e4 {B23: Sizilianisch (Geschlossenes System)} 1... c5 2. Nc3 Nc6 3. f4 g6 4.
Nf3 Bg7 5. Bc4 e6 6. O-O Nge7 7. a4 {letzter Buchzug} 7... O-O 8. d3 d5 9. Ba2
b6 10. Ne2 Bb7 11. c3 Qc7 12. Qe1 dxe4 (12... Ba6 13. exd5 Nxd5 14. Bc4 Bxc4
15. dxc4 $15) 13. dxe4 $11 13... Rae8 14. g4 Na5 15. Ng3 Ba6 16. Rf2 Bc4 17.
Bxc4 Nxc4 18. Qf1 Na5 19. Be3 Qc6 (19... f5 20. gxf5 exf5 21. e5 $15) 20. h4 (
20. Ne5 $5 20... Qc7 21. Nf3 $11) 20... f5 $17 21. gxf5 gxf5 (21... exf5 $5 22.
e5 22... Nd5 $15) 22. Ne5 $11 22... Bxe5 23. fxe5 fxe4 24. Bg5 Rxf2 25. Qxf2
Rf8 (25... Nc4 26. Qg2 Nf5 27. Nxe4 $16) 26. Qe2 (26. Qg2 Kf7 27. Rf1+ Ke8 28.
Rxf8+ Kxf8 29. Qf2+ 29... Ke8 $16) 26... e3 (26... Nd5 27. Bh6 Rf7 28. Nxe4 $18
) 27. Bf6 (27. Bxe7 $5 27... Qf3 28. Qxf3 Rxf3 29. Ne4 $18) 27... Qe8 (27...
Nb3 28. Rf1 (28. Bxe7 Qf3 (28... Nxa1 29. Bxf8 Kxf8 30. Qf1+ Ke8 31. Qxa1 $16)
29. Qh2 29... Rf7 $19) 28... Nd2 29. Qg4+ Ng6 30. Rf4 Rxf6 31. exf6 $18) 28.
Qg4+ (28. Qg2 Ng6 29. h5 29... Nc4 $16) 28... Qg6 29. Qxe6+ Rf7 30. Kh2 Nac6
31. Rg1 31... Qc2+ $4 (31... Kf8 32. Rf1 32... Kg8 $16) 32. Rg2 $18 32... e2 (
32... Qxg2+ 33. Kxg2 e2 34. Nxe2 $18) 33. Nxe2+ (33. Nf5+ $1 33... Kf8 34. Rg8+
Kxg8 35. Nh6+ Kf8 36. Qxf7#) 33... Kf8 $18 34. Bxe7+ (34. Qd7 $5 $142 34... Qe4
35. Bxe7+ Rxe7 36. Qc8+ Re8 37. Rf2+ Kg7 38. Qxe8 Qxe5+ 39. Qxe5+ 39... Nxe5
$18) 34... Nxe7 35. Qd7 Ng6 36. Qd8+ Kg7 37. e6 Rf8 38. Ng3 (38. Qd7+ $142
38... Kh6 39. e7 $18 (39. Qxa7 $6 39... Qe4 40. Ng3 40... Qxe6 $11)) 38... Qxa4
(38... Qxg2+ $1 $142 39. Kxg2 39... Rxd8 $19) 39. Nh5+ (39. Qg5 Kg8 40. e7 $18)
39... Kh6 $4 (39... Kh8 $142 40. b3 Rxd8 (40... Qxh4+ $4 41. Qxh4 Nxh4 42. e7
$18) (40... Qxb3 41. e7 Qf7 42. exf8=R+ (42. exf8=N $143 42... Qxf8 43. Rd2
43... Kg8 $18) (42. exf8=B $143 42... Qxf8 43. Rd2 43... Kg8 $18) 42... Qxf8
43. Rd2 $18) 41. bxa4 41... Rd3 $11 (41... Nxh4 $2 42. e7 Rc8 43. Re2 $18)) 40.
Qd2+ (40. Qg5#) 40... Nf4 $18 1-0

[Event "Bad Woerishofen op"]
[Site "Bad Woerishofen"]
[Date "2001.??.??"]
[Round "3"]
[White "Grau, Helmut"]
[Black "Mentel, Juergen"]
[Result "1-0"]
[WhiteElo "1752"]
[BlackElo "2024"]
[Annotator "ChessOrg"]
[PlyCount "79"]
[EventDate "1998.03.05"]
[Source "ChessBase"]
[SourceDate "1998.04.29"]

1. e4 {B07: Pirc-Ufimzew-Verteidigung} 1... d6 2. Nc3 g6 3. Bc4 Bg7 4. f4 c5 5.
Nf3 Nc6 6. a4 {letzter Buchzug} 6... e6 7. d3 Nge7 8. O-O O-O 9. Bd2 Na5 10.
Ba2 Nec6 11. Qe1 b6 12. g4 (12. Qg3 12... Nb4 $11) 12... Ba6 13. f5 c4 (13...
Nb4 14. fxe6 Nxc2 15. exf7+ Kh8 16. Qe2 Nxa1 17. Rxa1 $17) 14. Nb5 (14. Bg5 Qd7
15. f6 15... Bh8 $11) 14... d5 (14... Bxb2 $5 15. Rb1 15... Bg7 $15) 15. Bg5
$11 15... f6 16. Bh4 Bc8 (16... exf5 17. gxf5 gxf5 18. exd5 $16) 17. Rd1 (17.
exd5 exd5 18. dxc4 18... Re8 $16) 17... a6 18. Nbd4 (18. dxc4 axb5 19. cxd5
19... Ne7 $16) 18... Qe8 (18... Nxd4 19. Nxd4 exf5 20. exf5 $14) 19. Nxc6 (19.
exd5 $142 19... Nxd4 20. Nxd4 exd5 21. dxc4 Nxc4 22. Ne6 Bxe6 23. Qxe6+ (23.
fxe6 $6 23... Qc6 $14 (23... Nxb2 24. e7 (24. Bxd5 $6 24... Qe7 $14) (24. Rxd5
Qxa4 25. e7 Qxa2 26. Qe6+ 26... Kh8 $16) 24... Rf7 25. Rxd5 $18 (25. Bxd5 $6
25... g5 26. Rd4 26... gxh4 $18))) 23... Qxe6 24. fxe6 $16) 19... Nxc6 $4 (
19... Qxc6 $142 20. Qb4 exf5 21. dxc4 dxc4 (21... fxe4 $143 22. cxd5 Qe8 23.
d6+ Kh8 24. Bd5 Bxg4 25. d7 (25. Qxe4 $143 25... Qxe4 26. Bxe4 26... Rad8 $15)
25... Bxd7 26. Bxa8 exf3 27. Bxf3 $16) 22. exf5 22... Bb7 $14) 20. exd5 $18
20... Nb4 $4 (20... exd5 $142 21. dxc4 21... Ne5 $18) 21. dxc4 (21. Qxb4 $142
21... gxf5 22. dxe6 Bxe6 23. Rde1 fxg4 24. Rxe6 $18) 21... Nxa2 $16 22. d6 $4 (
22. fxe6 $5 $142 22... f5 23. gxf5 Rxf5 24. Nd4 Rxf1+ 25. Qxf1 $16) 22... Qd7 (
22... exf5 $5 $142 23. Qxe8 23... Rxe8 $15) 23. fxg6 $11 23... e5 (23... hxg6
$5 $142 24. Qe4 Ra7 25. Qxg6 25... e5 $11) 24. gxh7+ $16 24... Kh8 25. h3 Bb7
26. Qe3 (26. Ra1 Qxa4 27. Qb1 Qxc4 28. Qxa2 Qc5+ 29. Bf2 29... Qxd6 $14) 26...
Nb4 (26... Qxa4 27. b3 (27. Qxb6 $6 27... Bxf3 28. Rxf3 28... Qxc2 $18) 27...
Qc6 28. Ra1 $11) 27. Qxb6 (27. c3 Nc2 28. Qe2 28... Qxa4 $16) 27... Nxc2 $16
28. Qf2 Nb4 29. b3 Qc6 (29... Kxh7 30. c5 $16) 30. Qd2 a5 31. Kh2 Rad8 (31...
Kxh7 32. Nxe5 32... fxe5 $15) 32. g5 32... e4 $2 (32... fxg5 33. Nxg5 Rxd6 34.
Rxf8+ Bxf8 35. Nf7+ Kxh7 36. Nxd6 36... Bxd6 $18) 33. gxf6 Rxf6 34. Bxf6 Bxf6
35. Qf4 Bg7 36. Ne5 Rf8 37. Ng6+ Kxh7 38. Nxf8+ Kg8 (38... Bxf8 39. Qf5+ Kh8
40. Qxf8+ Kh7 41. Rf7+ Kg6 42. Rg7+ Kh6 43. Qh8#) 39. Qf7+ Kh8 40. Rf4 (40. Rf4
Qxd6 41. Rxd6 Bxf8 42. Qxf8+ Kh7 43. Rf7#) (40. Qh5+ Bh6 41. Qxh6+ Kg8 42. Qh7#
) 1-0

[Event "Bad Woerishofen op"]
[Site "Bad Woerishofen"]
[Date "2001.??.??"]
[Round "5"]
[White "Grau, Helmut"]
[Black "Jaenig, Reinhard"]
[Result "0-1"]
[WhiteElo "1752"]
[BlackElo "2090"]
[Annotator "ChessOrg"]
[PlyCount "100"]
[EventDate "1998.03.05"]
[Source "ChessBase"]
[SourceDate "1998.04.29"]

1. e4 {B23: Sizilianisch (Geschlossenes System)} 1... c5 2. Nc3 e6 3. f4 Nc6 4.
Nf3 a6 5. a4 {letzter Buchzug} 5... d5 6. d3 Nf6 7. Bd2 Be7 8. g3 Rb8 9. Bg2 b5
(9... d4 10. Nb1 $11) 10. axb5 $14 10... axb5 11. e5 Ng4 12. h3 Nh6 13. g4 O-O
(13... d4 14. Ne4 $11) 14. f5 (14. Ne2 14... d4 $14) 14... f6 $11 15. Bxh6 gxh6
16. fxe6 (16. Qd2 fxe5 17. Qxh6 17... Rf6 $17) 16... fxe5 $15 17. O-O b4 18.
Ne2 Bxe6 19. Ng3 Kh8 20. Qe2 Bd6 21. Nh5 Bf7 22. Ra6 Bxh5 23. Rxc6 Be8 24. Nxe5
Bxc6 25. Nxc6 Qe8 26. Rxf8+ Bxf8 27. Qxe8 Rxe8 28. Bxd5 Re2 29. Bb3 Bg7 30. Nd8
Bxb2 31. Ne6 Bd4+ 32. Kh1 Be3 33. h4 h5 34. g5 (34. gxh5 34... h6 $19) 34...
Rf2 35. Ba4 35... Re2 $4 (35... Rd2 36. Bb3 $19) 36. Bb3 Bf2 37. Nf4 (37. Kg2
37... c4 $1 38. Bxc4 38... Rxc2 $19) 37... Re1+ 38. Kg2 Bxh4 39. g6 Re5 40. Kf3
Bg5 41. g7+ Kxg7 42. Nxh5+ Kg6 43. Ng3 Re3+ 44. Kf2 44... Re5 $4 (44... Re8 45.
Ne4 $19) 45. Ne4 $4 (45. Kf3 h5 46. Ne4 $19) 45... h5 46. Kf3 Bd8 47. Kg3 Bc7
48. Kh4 Rf5 49. Kh3 Rf4 50. Nxc5 (50. Kg2 $19) 50... Rf2 (50... Rf2 51. Bf7+
Kxf7 52. Kh4 Kg6 53. d4 Rh2#) 0-1

[Event "Bad Woerishofen op"]
[Site "Bad Woerishofen"]
[Date "2001.??.??"]
[Round "7"]
[White "Grau, Helmut"]
[Black "Tsikerdanos, Kostas"]
[Result "1-0"]
[WhiteElo "1752"]
[BlackElo "2000"]
[Annotator "ChessOrg"]
[PlyCount "129"]
[EventDate "1998.03.05"]
[Source "ChessBase"]
[SourceDate "1998.04.29"]

1. e4 {B02: Aljechin-Verteidigung (Jagdvariante)} 1... Nf6 2. Nc3 d5 3. e5 d4
4. exf6 dxc3 5. fxe7 cxd2+ 6. Qxd2 6... Qxe7+ {letzter Buchzug. .} 7. Be2 Bg4
8. h3 Bh5 9. Qd5 Bxe2 10. Nxe2 Nc6 11. Be3 Qb4+ 12. c3 Qxb2 13. Rd1 (13. Qe4+
Ne7 14. Rb1 Qxa2 15. Rxb7 Qd5 16. Qa4+ 16... Kd8 $17) 13... Rd8 (13... Bd6 $5
$15) 14. Qe4+ $11 14... Be7 15. Rb1 Qxa2 16. Rxb7 Qa6 17. Rxc7 Rc8 18. Rxc8+
Qxc8 19. Nd4 (19. O-O $14 $142) 19... Na5 $4 (19... Nxd4 $142 20. Bxd4 20...
O-O $11) 20. O-O (20. Nf5 $142 20... Qxc3+ 21. Bd2 21... Qc5 $18) 20... Kf8 $2
(20... Qb7 21. Qe5 Nc4 22. Qxg7 $18) 21. Nf5 (21. Ra1 $142 21... Qb7 22. Qxb7
Nxb7 23. Rxa7 $18) 21... Nc6 22. Bxa7 $1 22... Bf6 (22... Nxa7 23. Qxe7+ Kg8
24. Qxa7 $18) 23. Bc5+ Kg8 24. Bd4 (24. Rb1 $5 24... h6 25. Rb6 25... Qe6 $18)
24... Nxd4 25. cxd4 (25. Nxd4 $143 25... g6 $16) 25... g6 26. Ne7+ Bxe7 27.
Qxe7 Kg7 (27... Qf5 28. f4 $18) 28. Re1 (28. Qe5+ $5 28... Kh6 29. Re1 29...
Qb8 $18) 28... Rd8 29. Qe5+ Kg8 30. Qf6 Rd7 31. Qe5 (31. Ra1 31... Rd5 $16)
31... Qd8 (31... Rd8 32. d5 32... Qd7 $16) 32. Rb1 $18 32... f6 33. Qe6+ Kg7
34. Rb8 Qe7 35. Rg8+ Kh6 36. Qe3+ (36. Qxe7 Rxe7 37. Rd8 37... Kg7 $16) 36...
g5 (36... Qxe3 37. fxe3 Kg5 38. Kf2 $16) 37. h4 (37. Qxe7 Rxe7 38. Rd8 38...
Kg7 $16) 37... Qxe3 $16 38. fxe3 Kh5 39. hxg5 fxg5 40. Kf2 Kg4 41. Ke2 Ra7 42.
Kd3 Ra3+ 43. Ke4 Ra2 44. g3 h6 45. Rg6 h5 46. d5 Ra4+ 47. Ke5 Ra3 48. e4 Rxg3
49. d6 Rd3 50. Ke6 Kf4 (50... h4 51. d7 h3 52. Rh6 $14) 51. e5 (51. d7 $18 $142
) 51... Re3 $4 (51... h4 $16 $142) 52. Rf6+ $18 52... Ke4 53. Rf5 g4 54. Rxh5
g3 55. Rg5 Kf4 56. Rf5+ Kg4 (56... Ke4 57. d7 Rd3 58. Rg5 $18) 57. Rf8 g2 (
57... Rf3 58. Rg8+ 58... Kf4 $18) 58. Rg8+ (58. d7 $142 58... Rd3 59. d8=Q Rxd8
60. Rxd8 $18) 58... Kf4 59. Rxg2 Rxe5+ 60. Kf6 Rf5+ (60... Rd5 61. Ke7 Re5+ 62.
Kd8 62... Kf3 $18) 61. Ke7 Re5+ 62. Kd8 Kf5 (62... Kf3 63. Rc2 $18) 63. d7 Rc5
64. Re2 Kf6 65. Ke8 (65. Ke8 Rd5 66. d8=Q+ Rxd8+ 67. Kxd8 $18) 1-0